| Поле | Инд. | ПП | Название | Значение |
|---|---|---|---|---|
| Тип записи | a | |||
| Библиографический уровень | m | |||
| 001 | Контрольный номер | dc8d4b74f5ce4836a73bbf313fd92933 | ||
| 005 | Дата корректировки | 20160719120917.3 | ||
| 008 | Кодируемые данные | 160707|||||||||ru |||||||||||||||||rus|| | ||
| 020 | a | ISBN | 978-5-86185-845-8 | |
| 040 | b | Код языка каталог. | rus | |
| 041 | 0_ | a | Код языка текста | rus |
| 084 | a | Индекс другой классификации/Индекс ББК | 87.2+87.3(2) | |
| 090 | a | Полочн. индекс | 87 | |
| x | Авторский знак | М 95 | ||
| 245 | 10 | a | Заглавие | Мысль |
| b | Продолж. заглавия | Философские исследования : межвуз. сб. науч. тр. | ||
| c | Ответственность | Мурман. гос. техн. ун-т, Рос. гос. гуманитар. ун-т, С.-Петерб. гос. ун-т ; [редкол.: Н. Н. Никулина [и др.] | ||
| 260 | a | Место издания | Мурманск | |
| b | Издательство | Изд-во МГТУ | ||
| c | Дата издания | 2014 | ||
| 300 | a | Объем | 286 с. | |
| b | Иллюстрации/ тип воспроизводства | ил. | ||
| 440 | _0 | a | Серия | Серия "Философские и социальные исследования" |
| v | N тома | вып. 6 | ||
| 504 | a | Библиография | Библиогр. в конце ст. | |
| 583 | x | Служебное примечание | Труды преподавателей МГТУ | |
| 650 | 04 | a | Основная рубрика | Философия-История-Сборники |
| 653 | 0_ | a | Ключевые слова | Ветераны МГТУ; Духовность; История русской философии; Исследования социологические; Исследования философские; История философии; Нравственно-этические проблемы; Нравственность; Труды преподавателей МГТУ; Философия; Философия и язык; Языковая личность студента |
| 710 | 12 | a | Организация/ юрисдикция | Мурманский государственный технический университет |
| 901 | t | Тип документа | m |